Online
Catalog

Situación forestal en República Dominicana / (Record no. 44680)

MARC details
000 -CABECERA
campo de control de longitud fija 02187nam a2200325 i 4500
001 - NÚMERO DE CONTROL
campo de control 000045191
003 - IDENTIFICADOR DEL NÚMERO DE CONTROL
campo de control DO-SdBNP
005 - FECHA Y HORA DE LA ÚLTIMA TRANSACCIÓN
campo de control 20231213072843.0
007 - CAMPO FIJO DE DESCRIPCIÓN FÍSICA--INFORMACIÓN GENERAL
campo de control de longitud fija ta
008 - DATOS DE LONGITUD FIJA--INFORMACIÓN GENERAL
campo de control de longitud fija 150209s1986 dr a 000 0 spa d
040 ## - FUENTE DE LA CATALOGACIÓN
Centro catalogador/agencia de origen DO-SdBNP
Lengua de catalogación spa
Centro/agencia transcriptor BNPHU
Normas de descripción rda
082 ## - NÚMERO DE LA CLASIFICACIÓN DECIMAL DEWEY
Número de documento/Ítem M841s
Número de edición 22
100 1# - ENTRADA PRINCIPAL--NOMBRE DE PERSONA
Nombre de persona Morell, Merilio G.
Término indicativo de función/relación autor
9 (RLIN) 21773
245 10 - MENCIÓN DE TÍTULO
Título Situación forestal en República Dominicana /
Mención de responsabilidad, etc. Merilio G. Morell.
264 ## - PRODUCCIÓN, PUBLICACIÓN, DISTRIBUCIÓN, FABRICACIÓN Y COPYRIGHT
Producción, publicación, distribución, fabricación y copyright Santo Domingo :
Nombre del de productor, editor, distribuidor, fabricante Progressio, Fundación para el Mejoramiento Humano,
Fecha de producción, publicación, distribución, fabricación o copyright 1986.
300 ## - DESCRIPCIÓN FÍSICA
Extensión ix, 77 paginas :
Otras características físicas ilustraciones. ;
Dimensiones 22 cm.
336 ## - TIPO DE CONTENIDO
Fuente rdacontent
Término de tipo de contenido texto
Código de tipo de contenido txt
337 ## - TIPO DE MEDIO
Fuente rdamedia
Nombre/término del tipo de medio sin mediación
Código del tipo de medio n
338 ## - TIPO DE SOPORTE
Fuente rdacarrier
Nombre/término del tipo de soporte volumen
Código del tipo de soporte nc
490 1# - MENCIÓN DE SERIE
Mención de serie PROGRESSIO
Designación de volumen o secuencia 1
500 ## - NOTA GENERAL
Nota general Documento base de discusión para la toma de decisiones
500 ## - NOTA GENERAL
Nota general Incluye referencias bibliográficas y notas al pie de las páginas.
504 ## - NOTA DE BIBLIOGRAFÍA, ETC.
Nota de bibliografía, etc. Bibliografía : p. 75-77
505 0# - NOTA DE CONTENIDO CON FORMATO
Nota de contenido con formato TABLA DE CUADROS --
Título TABLA DE GRÁFICOS --
-- SIGLAS UTILIZADAS --
-- INTRODUCCIÓN --
-- PARTICIPACIÓN ECONÓMICA DEL SECTOR FORESTAL --
-- Tierras forestales --
-- Energía --
-- Producción de alimentos --
-- Mercado de madera --
-- Cuencas hidrográficas y producción de agua --
-- Agua para consumo humano e industrial
-- Materiales de construcción --
-- Control de erosión --
-- Conclusión --
-- ANÁLISIS DE LA POLÍTICA FORESTAL --
-- Percepción actual del problema forestal --
-- Metas alcanzadas --
-- Situación administrativa --
-- Objetivos generales del sector forestal --
-- Mecanismos de implementación --
-- Programas existentes --
-- Tópicos más relevantes relacionados con el recurso bosque --
-- Política forestal actual --
-- LINEAMIENTOS PARA UNA POLÍTICA FORESTAL --
-- Elementos esenciales de una Política forestal --
-- Plan de acción --
-- RESUMEN --
-- Participación económica del sector forestal --
-- Análisis de la política forestal --
-- Lineamientos de política forestal --
-- BIBLIOGRAFÍA --
-- TABLA DE CUADROS --
-- TABLA DE GRÁFICOS.
590 ## - NOTA LOCAL (RLIN)
Nota local Inventariado, 2023 / DG
650 #4 - PUNTO DE ACCESO ADICIONAL DE MATERIA--TÉRMINO DE MATERIA
Término de materia o nombre geográfico como elemento de entrada Política forestal
Subdivisión geográfica República Dominicana
9 (RLIN) 21775
710 22 - PUNTO DE ACCESO ADICIONAL--NOMBRE DE ENTIDAD CORPORATIVA
Nombre de entidad corporativa o nombre de jurisdicción como elemento de entrada Fundación para el Mejoramiento Humano (PROGRESSIO), Republica-Dominicana
9 (RLIN) 73208
910 ## - DATOS DE OPCIÓN DEL USUARIO (OCLC)
Datos de opción del usuario DG
942 ## - ELEMENTOS DE PUNTO DE ACCESO ADICIONAL (KOHA)
Fuente del sistema de clasificación o colocación Dewey Decimal Classification
Tipo de ítem Koha Libro
Holdings
Estado de retiro Estado de pérdida No para préstamo Código de colección Localización permanente Ubicación/localización actual Ubicación en estantería Fecha de adquisición Número de inventario Total de préstamos Signatura topográfica completa Código de barras Fecha visto por última vez Precio válido a partir de Tipo de ítem Koha Número de copia Fuente del sistema de clasificación o colocación Restricciones de uso Fuente de adquisición
      Dominicana de Servicio Biblioteca Nacional Pedro Henríquez Ureña Biblioteca Nacional Pedro Henríquez Ureña En catalogación 02.02.2023     BNPHU DS M841s 2023-0569 02.02.2023 02.02.2023 Libro e.3 Dewey Decimal Classification Préstamo en sala  
      Dominicana de Servicio Biblioteca Nacional Pedro Henríquez Ureña Biblioteca Nacional Pedro Henríquez Ureña En catalogación 13.12.2023     BNPHU DS M841s 2023-8354 13.12.2023 13.12.2023 Libro e.4 Dewey Decimal Classification Préstamo en sala donación
    Excluido de préstamo Patrimonio Dominicano Patrimonio Dominicano Patrimonio Dominicano En catalogación 09.02.2015 LF1   xxxx xxxx 45191-10 25.06.2020 25.06.2020 Libro y Folleto Colección Patrimonio Dominicano        
    Excluido de préstamo Patrimonio Dominicano Patrimonio Dominicano Patrimonio Dominicano En catalogación 10.02.2015 LF1   xxxx xxxx 45191-20 25.06.2020 25.06.2020 Libro y Folleto Colección Patrimonio Dominicano e. 2      

Powered by Koha